El árbol enfermo (algunos elementos básicos de su estructura)

Salvato in:
Dettagli Bibliografici
Autore principale: Ureña Mora, María Cecilia
Natura: Libro
Lingua:Undetermined
Pubblicazione: San José, Costa Rica Escuela de Filología, Lingüística y Literatura,Universidad de Costa Rica 1976
Soggetti:
Tags: Aggiungi Tag
Nessun Tag, puoi essere il primo ad aggiungerne!!

MARC

LEADER 00000nam a2200000Ia 4500
008 170316s9999 xx 000 0 und d
040 |a cru BVZT 
090 |a TESIS 177 
100 |a Ureña Mora, María Cecilia 
245 |a El árbol enfermo (algunos elementos básicos de su estructura) 
260 |a San José, Costa Rica 
260 |b Escuela de Filología, Lingüística y Literatura,Universidad de Costa Rica 
260 |c 1976 
300 |a 136 páginas 
650 |a LICENCIATURA EN FILOLOGÍA LINGÜÍSTICA Y LITERATURA 
650 |a TRABAJO FINAL DE GRADUACIÓN 
999 |c 13786  |d 13786 
942 |c TFG  |h TESIS 177  |2 z